[Event "Barcelona Sants op 16th"]
[Site "Barcelona"]
[Date "2014.08.24"]
[Round "3"]
[White "Lemeaux, David"]
[Black "Farnault, Eric"]
[Result "1/2-1/2"]
[WhiteElo "2267"]
[BlackElo "2021"]
[PlyCount "112"]
[EventDate "2014.08.22"]
[EventType "swiss"]
[EventRounds "10"]
[EventCountry "ESP"]
[SourceTitle "CBM 162 Extra"]
[Source "ChessBase"]
[SourceDate "2014.10.17"]
[SourceVersion "1"]
[SourceVersionDate "2014.10.17"]
[SourceQuality "1"]

1. d4 d5 2. Nf3 Nf6 3. g3 Bf5 4. c4 dxc4 5. Nc3 e6 6. Ne5 Nbd7 7. Nxc4 Bb4 8. a3 Bxc3+ 9. bxc3 0-0 10. Bg2 Be4 11. f3 Bd5 12. Ne3 c5 13. Nxd5 Nxd5 14. Qd3 cxd4 15. cxd4 Rc8 16. Bd2 N7b6 17. e4 Ne7 18. 0-0 Nc6 19. Be3 Ne5 20. Qe2 Nec4 21. Bf2 Na4 22. Rfc1 b5 23. Bf1 a6 24. Qa2 Ncb6 25. Qb3 Qg5 26. Be3 Qf6 27. Kg2 h5 28. Qb4 Qd8 29. Be2 Qd7 30. h4 Rxc1 31. Rxc1 Rc8 32. Bd3 Rxc1 33. Bxc1 Qc7 34. Bd2 Nc4 35. Bf4 e5 36. dxe5 Nxe5 37. Qd4 f6 38. Qd5+ Kh7 39. Bd2 Nb2 40. Bb1 Nbc4 41. Bc1 Qa5 42. Qd1 Qc3 43. Ba2 Nd3 44. Bxc4 bxc4 45. Be3 Ne5 46. Bd4 Qxa3 47. Bxe5 fxe5 48. Qd7 Qb2+ 49. Kh3 Qc1 50. Qf5+ Kh6 51. Qe6+ g6 52. Kg2 Qd2+ 53. Kf1 Qd3+ 54. Kf2 Qd2+ 55. Kf1 Qd3+ 56. Kf2 Qd2+ 1/2-1/2

[Event "Reykjavik op"]
[Site "Reykjavik"]
[Date "2012.03.13"]
[Round "9"]
[White "Libiszewski, Fabien"]
[Black "Lemeaux, David"]
[Result "1-0"]
[WhiteElo "2523"]
[BlackElo "2287"]
[PlyCount "141"]
[EventDate "2012.03.06"]
[EventType "swiss"]
[EventRounds "9"]
[EventCountry "ISL"]
[SourceTitle "CBM 147 Extra"]
[Source "ChessBase"]
[SourceDate "2012.04.24"]
[SourceVersion "1"]
[SourceVersionDate "2012.04.24"]
[SourceQuality "1"]

1. e4 c5 2. Nf3 e6 3. d4 cxd4 4. Nxd4 Nc6 5. Nc3 Qc7 6. f4 a6 7. Nxc6 bxc6 8. Bd3 d6 9. 0-0 Nf6 10. Qf3 Nd7 11. b3 Be7 12. Bb2 e5 13. Ne2 Bf6 14. f5 Bb7 15. Ng3 Be7 16. Nh5 Rg8 17. Kh1 Nf6 18. Rfe1 Nxh5 19. Qxh5 h6 20. Rad1 Bg5 21. Bc4 Rf8 22. Qe2 Ke7 23. Ba3 c5 24. Rd3 a5 25. Red1 Rfd8 26. h4 Bf6 27. Qh5 Ke8 28. Rxd6 Rxd6 29. Rxd6 Qxd6 30. Qxf7+ Kd8 31. Qxb7 Rb8 32. Qa7 Rc8 33. Qxa5+ Ke8 34. Be6 Rc7 35. Qa8+ Bd8 36. Bd5 Qf6 37. g3 Qb6 38. Qa4+ Kf8 39. Qc4 Be7 40. Bb2 Bd6 41. Bc3 Ra7 42. a4 Qa6 43. Kg2 Qxc4 44. Bxc4 Bc7 45. Kf3 Ke7 46. a5 Rxa5 47. Bxa5 Bxa5 48. Ke2 Kd6 49. Bd5 Bd8 50. Kd3 Ba5 51. c3 Bd8 52. Kc4 Be7 53. Bf7 Kc6 54. Be8+ Kd6 55. Kb5 Kc7 56. Bh5 Bf8 57. Bd1 Be7 58. b4 cxb4 59. c4 b3 60. Bxb3 Ba3 61. c5 Bb2 62. g4 Bd4 63. Kc4 Bf2 64. g5 hxg5 65. hxg5 Be3 66. f6 gxf6 67. g6 Bh6 68. Kd5 Kd7 69. Ba4+ Ke7 70. c6 Kd8 71. Ke6 1-0

[Event "Reykjavik op"]
[Site "Reykjavik"]
[Date "2012.03.07"]
[Round "2"]
[White "Lemeaux, David"]
[Black "Baklan, Vladimir"]
[Result "0-1"]
[WhiteElo "2287"]
[BlackElo "2612"]
[PlyCount "62"]
[EventDate "2012.03.06"]
[EventType "swiss"]
[EventRounds "9"]
[EventCountry "ISL"]
[SourceTitle "CBM 147 Extra"]
[Source "ChessBase"]
[SourceDate "2012.04.24"]
[SourceVersion "1"]
[SourceVersionDate "2012.04.24"]
[SourceQuality "1"]

1. d4 Nf6 2. c4 g6 3. Nf3 Bg7 4. g3 0-0 5. Bg2 d6 6. 0-0 c6 7. Nc3 Bf5 8. Nd2 Qb6 9. d5 Na6 10. Nb3 Nb4 11. Nd4 Bd7 12. Nb3 Rfc8 13. Be3 c5 14. Bd2 Ng4 15. Nc1 Qa6 16. a3 Qxc4 17. axb4 cxb4 18. N3a2 a5 19. Nd3 Nf6 20. Nac1 b6 21. Nf4 Bf5 22. h4 Bc2 23. Qe1 Nd7 24. Ncd3 Nc5 25. Be3 Nb3 26. Bxb6 Nxa1 27. Qxa1 a4 28. Qc1 Bxd3 29. Nxd3 Qxc1 30. Nxc1 Bxb2 31. Nd3 Bc3 0-1

[Event "London Classic op"]
[Site "London"]
[Date "2011.12.08"]
[Round "6"]
[White "Lemeaux, David"]
[Black "Barton, R Alan"]
[Result "1-0"]
[WhiteElo "2279"]
[BlackElo "2073"]
[PlyCount "77"]
[EventDate "2011.12.03"]
[EventType "swiss"]
[EventRounds "9"]
[EventCountry "ENG"]
[SourceTitle "CBM 145 Extra"]
[Source "ChessBase"]
[SourceDate "2012.01.03"]
[SourceVersion "1"]
[SourceVersionDate "2012.01.03"]
[SourceQuality "1"]

1. d4 b6 2. c4 Bb7 3. Nc3 e6 4. a3 g6 5. e4 Bg7 6. Nf3 Ne7 7. Bd3 d6 8. 0-0 Nd7 9. Qc2 0-0 10. Re1 a6 11. b3 c5 12. d5 e5 13. b4 Bc8 14. Bd2 Nf6 15. Rab1 Bg4 16. Be2 Nh5 17. h3 Bd7 18. bxc5 bxc5 19. Rb7 Nf4 20. Bf1 f5 21. Bxf4 exf4 22. e5 dxe5 23. Nxe5 Bxe5 24. Rxe5 Nc8 25. Na4 Nd6 26. Rxd7 Qxd7 27. Nxc5 Qg7 28. Re1 f3 29. Ne6 Qh6 30. gxf3 Rfc8 31. c5 f4 32. Qd3 Nb7 33. Qd4 Nd8 34. d6 Nxe6 35. Bc4 Qg5+ 36. Kh2 h5 37. Rxe6 Rxc5 38. Re8+ Kh7 39. Qh8# 1-0

[Event "London Classic op"]
[Site "London"]
[Date "2011.12.07"]
[Round "5"]
[White "Hebden, Mark"]
[Black "Lemeaux, David"]
[Result "1-0"]
[WhiteElo "2515"]
[BlackElo "2279"]
[PlyCount "63"]
[EventDate "2011.12.03"]
[EventType "swiss"]
[EventRounds "9"]
[EventCountry "ENG"]
[SourceTitle "CBM 145 Extra"]
[Source "ChessBase"]
[SourceDate "2012.01.03"]
[SourceVersion "1"]
[SourceVersionDate "2012.01.03"]
[SourceQuality "1"]

1. d4 Nf6 2. Nf3 d5 3. c4 c6 4. e3 e6 5. Bd3 Nbd7 6. b3 Bd6 7. Bb2 Qe7 8. Ne5 0-0 9. 0-0 c5 10. Nd2 cxd4 11. exd4 b6 12. Qf3 Bb7 13. Qh3 h6 14. Rae1 Bb4 15. Re2 Nxe5 16. dxe5 Nd7 17. cxd5 Bxd5 18. Ne4 Bxe4 19. Bxe4 Rad8 20. Bb1 Rfe8 21. Bc1 Nf8 22. Qg4 Kh8 23. Re3 Bd2 24. Rg3 f5 25. exf6 Qxf6 26. Rf3 Qe5 27. Ba3 Kg8 28. Qc4 Bg5 29. Qc2 Rd2 30. Rxf8+ Rxf8 31. Qh7+ Kf7 32. Bg6+ 1-0

[Event "FRA-chT2 1011"]
[Site "France"]
[Date "2010.11.13"]
[Round "2.4"]
[White "Giraud, Stephane"]
[Black "Lemeaux, David"]
[Result "0-1"]
[WhiteElo "1994"]
[BlackElo "2228"]
[PlyCount "106"]
[EventDate "2010.10.17"]
[EventType "team-tourn"]
[EventRounds "11"]
[EventCountry "FRA"]
[SourceTitle "EXT 2012"]
[Source "ChessBase"]
[SourceDate "2011.11.24"]
[SourceVersion "1"]
[SourceVersionDate "2011.11.24"]
[SourceQuality "1"]

1. e4 c5 2. Nf3 e6 3. c4 Nc6 4. Nc3 Nge7 5. d4 cxd4 6. Nb5 d6 7. Nfxd4 Nxd4 8. Nxd4 Nc6 9. Be3 Be7 10. Nxc6 bxc6 11. Bd4 0-0 12. Bd3 Bf6 13. Bxf6 Qxf6 14. Qc2 Rb8 15. Rb1 Bd7 16. b4 Rb7 17. 0-0 Rfb8 18. a3 h6 19. Qb2 e5 20. f4 Qe7 21. f5 f6 22. Qd2 Be8 23. a4 Bf7 24. b5 Qc7 25. Rbc1 Qb6+ 26. Kh1 Qc5 27. a5 Qd4 28. Qc3 Qc5 29. Rfd1 Be8 30. Qe1 Kf8 31. Be2 Rc7 32. h3 Qe3 33. Rxd6 cxb5 34. Qd1 Qxe4 35. Bh5 Qxf5 36. Rd8 Rxd8 37. Qxd8 Qd7 38. Qa8 bxc4 39. Qe4 c3 40. Qh7 Qf7 41. Qd3 Qe7 42. Qh7 Qe6 43. Bg4 Qc4 44. Rc2 Ba4 45. Rf2 c2 46. Qh8+ Qg8 47. Rxf6+ gxf6 48. Qxf6+ Qf7 49. Qxh6+ Ke7 50. Qh4+ Qf6 51. Qh7+ Kd8 52. Qg8+ Be8 53. Qd5+ Rd7 0-1